000 00410nam a2200157 a 4500
001 000027695
005 20200930031026.0
008 110404s1985 ag 000 0 spa d
020 _a9505247087
040 _aDO-SdBNP
_bspa
_cBNPHU
100 1 _aLind, frank
_954776
245 1 0 _aEl tarot /
_cFrank Lind.
250 _a3a ed.
260 _aBuenos Aires :
_bEdicoines Lidiun,
_c1985.
300 _a85 p. ;
_c19 cm.
999 _c27187
_d27187